| 000 | 00785nam a2200253 a 4500 | ||
|---|---|---|---|
| 001 | BRCA_8083 | ||
| 005 | 20190320210126.0 | ||
| 008 | 030414s--------fr-a###f##---#001-0#fre-# | ||
| 041 | _afre | ||
| 044 | _afr | ||
| 050 | 4 |
_aN8220 _b.P35 |
|
| 100 | 1 |
_aPalustre, León _920093 |
|
| 245 | 1 | 0 |
_aLe trésor de Trèves _cLeón Palustre et X. Barbier de Montault. |
| 260 |
_aParís _bA. Picard |
||
| 300 |
_aviii, 60 p. _bil., 30 láminas _c32 cm. |
||
| 440 | 0 |
_aCollection Mèlanges d´art et d´archeologie _v1 _920094 |
|
| 500 | _aY115 | ||
| 650 | 1 | 4 |
_aObjetos de arte _vCatálogos _911735 |
| 650 | 1 | 4 |
_aObjetos de arte _vExposiciones _920095 |
| 650 | 1 | 4 |
_aObjetos arqueológicos _vGalerías y museos _920096 |
| 700 | 1 |
_aMontault, X. Barbier de _920097 |
|
| 902 | _aGFM | ||
| 942 |
_2lcc _cB |
||
| 999 |
_c7751 _d7751 |
||